000 01172nab a22002417a 4500
999 _c5510
_d5510
003 OSt
005 20251210133823.0
008 190604e xxu||||| |||| 00| 0 spa d
040 _cPJ
100 _96498
_aBarraza, Flavia Verónica
245 1 0 _aNiños migrantes :
_bel interés...¿superior? /
_cFlavia Verónica Barraza.
260 _aCiudad Autónoma de Buenos Aires :
_bThomson Reuters La Ley,
_c2025.
300 _ap. 29-35
500 _aCita Online: TR LALEY AR/DOC/1931/2025.
505 _aSumario: I. Presentación del tema.— II. Especial afectación de NNA en el contexto de la migración.— III. Problema.— IV. Actualidad.— V. ¿Derecho a la salud?— VI. Conclusión.— VII. Propuestas.— VIII. Bibliografía consultada.
505 _t¿Te interesa el texto completo? Solicitalo al correo: koha@justierradelfuego.gov.ar
650 0 _9178
_aDERECHO CONSTITUCIONAL
650 0 _96467
_aNACIONALIDAD
650 0 _96468
_aCIUDADANIA
650 0 _9221
_aJURISPRUDENCIA
773 0 _02714
_93171
_dCiudad Autónoma de Buenos Aires : Thomson Reuters La Ley, 2014-
_tRevista anales de legislación argentina. Nº 11 - Noviembre 2025.
942 _2udc
_cANA